|
|
|
|
| LEADER |
01143nam a2200289 a 4500 |
| 001 |
4981544 |
| 008 |
130227s1999 caua b 001 0 eng d |
| 010 |
|
|
|a 98040072
|
| 020 |
|
|
|a 9780761991120
|
| 020 |
|
|
|a 0761991123 (pbk. : alk. paper)
|
| 040 |
|
|
|a DLC
|c DLC
|d DLC
|d BD-DhAAL.
|
| 082 |
0 |
0 |
|a 305.8/007/2
|2 21
|
| 999 |
|
|
|c 13208
|d 13208
|
| 999 |
|
|
|c 13208
|
| 245 |
0 |
0 |
|a Mapping social networks, spatial data & hidden populations /
|c by Jean J. Schensul ... [et al.].
|
| 260 |
|
|
|a Walnut Creek, Calif. :
|b AltaMira Press,
|c c1999.
|
| 300 |
|
|
|a xv, 205 p. :
|b ill. ;
|c 22 cm.
|
| 490 |
0 |
|
|a The ethnographer's toolkit ;
|v v. 4
|
| 504 |
|
|
|a Includes bibliographical references (p. 189-191) and index.
|
| 541 |
|
|
|e 00026665
|
| 650 |
|
0 |
|a Ethnology
|x Research.
|9 19533
|
| 650 |
|
0 |
|a Social networks
|x Research.
|9 19534
|
| 650 |
|
0 |
|a Spatial behavior
|x Research.
|9 19535
|
| 700 |
1 |
|
|a Schensul, Jean J.
|9 19536
|
| 852 |
1 |
|
|a Ayesha Abed Library
|j General shelf.
|
| 942 |
|
|
|2 ddc
|c BK
|
| 952 |
|
|
|0 0
|1 0
|2 ddc
|4 0
|6 305_800720000000000_MAP
|7 0
|9 21988
|a JPGSPH
|b JPGSPH
|d 2013-02-27
|e Riza Enterprise
|g 2630.00
|l 0
|o 305.80072 MAP
|p 3060026665
|r 2013-02-27
|t 1
|w 2013-02-27
|y BK
|